| 000 | 00413nam a22001817a 4500 | ||
|---|---|---|---|
| 003 | NUST | ||
| 020 | _a9788120327702 | ||
| 038 | _aKhadija | ||
| 082 |
_a668.9 _bFRI |
||
| 100 |
_aFried, Joel R. _986484 |
||
| 245 | _aPolymer Science & Technology | ||
| 250 | _a2nd ed. | ||
| 260 |
_aNew Delhi : _bPHI Learning, _c2013. |
||
| 300 |
_a582 p. ; _b23 cm. |
||
| 500 | _aPaperback. | ||
| 563 | _aPB | ||
| 942 |
_cBK _2ddc |
||
| 999 |
_c34060 _d34060 |
||